[Event "Cap d'Agde Avenir op"]
[Site "Cap d'Agde"]
[Date "2002.10.28"]
[Round "7"]
[White "Boissezon, Michel"]
[Black "Ouvrard, Christian"]
[Result "1/2-1/2"]
[WhiteElo "1780"]
[BlackElo "1499"]
[PlyCount "44"]
[EventDate "2002.10.23"]
[EventType "swiss"]
[EventRounds "9"]
[EventCountry "FRA"]
[SourceTitle "EXT 2005"]
[Source "ChessBase"]
[SourceDate "2004.11.15"]
[SourceVersion "1"]
[SourceVersionDate "2004.11.15"]
[SourceQuality "1"]

1. d4 Nf6 2. c4 g6 3. Nc3 Bg7 4. e4 d6 5. Nf3 0-0 6. Be2 e5 7. 0-0 Nh5 8. d5 f5 9. Ne1 Nf6 10. f3 Na6 11. Nd3 c6 12. b4 Nxb4 13. Nxb4 Qb6+ 14. Kh1 Qxb4 15. Na4 b5 16. Nb2 cxd5 17. exd5 bxc4 18. Nxc4 Ne8 19. Ba3 Qb8 20. Rb1 Qc7 21. Qb3 Rf6 22. Rfc1 Qd8 1/2-1/2